000 00520nam a2200181Ia 4500
008 100920s9999 xx 000 0 und d
082 _b103238
_a28 व 7 न 07
100 _aEDI:HAR ANAND.
245 _aTHE LITTLE MATCH SELLER.
260 _bHAR ANAND PUB DELHI.
_c2007
300 _a16
_bसाधी
365 _b25
520 _aबा.वि.स्टोरी.
630 _aTHE LITTLE MATCH SELLER.
650 _aबा.वि.स्टोरी.
730 _aTHE LITTLE MATCH SELLER.
942 _cBOOK
999 _c743670
_d743667